000 00841nam a2200265Ia 4500
003 OSt
005 20221005062039.0
006 a|||||r|||| 00| 0
007 ta
008 221004b |||||||| |||| 00| 0 eng d
020 _a9780415401739 (hbk)
_c5065.19
024 _a102974
037 _b30160, 03/09/2010, Segment Book Distributors
_cTextual
040 _aCRL
_cCRL
_beng
041 _2eng
_aeng
082 _aT:3(P111), Q0
100 _aMaybin Janet Ed.
_9601418
245 0 _aRoutledge companion to english language studies
260 _aLondon
_bRoutledge UK
_c2010
300 _axii,324p
_ccm.
650 _aEDUCATION
700 _a Swann Joan Ed.
_9425239
942 _hT:3(P111), Q0
_cTEXL
_2cc
999 _c969135
_d969135